000 00329nam a2200145Ia 4500
008 230917s9999||||xx |||||||||||||| ||und||
040 _e154918
_aMAIN
041 _aEnglish
082 _a891.28 B469S
100 _aBharti, Ramchandra
245 0 _aSaflo vidyarthi
260 _aDelhi
_c1970
300 _a282 p.
942 _cBK
999 _c209263
_d209263